Visualizzazione normale
Vista MARC
- Ardigò A., Cesareo v., Burgalassi S., Cecchella A., Antonini M., Riva A., Cattanei G.,
di Personal Name
Records bibliografici associati: 1
001 - CONTROL NUMBER
- control field: 63016
003 - CONTROL NUMBER IDENTIFIER
- control field:
005 - DATE AND TIME OF LATEST TRANSACTION
- control field: 20251223120426.0
008 - FIXED-LENGTH DATA ELEMENTS
- fixed length control field: 251223|| aca||aabn | a|a d
040 ## - CATALOGING SOURCE
- Original cataloging agency:
- Transcribing agency:
100 ## - HEADING--PERSONAL NAME
- Personal name: Ardigò A., Cesareo v., Burgalassi S., Cecchella A., Antonini M., Riva A., Cattanei G.,
- Personal name: Mattioni A., Anselmi T., Spadonaro M., Valeriani A., Porcu S., Baldoni E., Nervo G.,
- Personal name: Agazzi A., Ziglioli R
670 ## - SOURCE DATA FOUND
- Source citation: Work cat.: ()215660: Colombo Giovanni (et al.) 63015, Anziani e società, 1982